| 000 | 00507nam a22002177a 4500 | ||
|---|---|---|---|
| 001 | 39 | ||
| 003 | FISKH | ||
| 005 | 20230227140313.0 | ||
| 008 | 230131b cb ||||| |||| 00| 0 eng d | ||
| 040 |
_aFISKH _cFISKH |
||
| 050 |
_aTX733.R43 _bREA 2011 |
||
| 082 | _2800 | ||
| 100 |
_aReasoner, Charles _d1949 |
||
| 245 | _aMealtime | ||
| 260 |
_aDongGuan City _bRourke Educational Media _c2011 |
||
| 300 |
_a8 p. _c14 cm. |
||
| 505 | _aD | ||
| 521 |
_a220 _bLexile |
||
| 521 |
_a D _bRaz-Paz |
||
| 942 |
_2ddc _cBK _n0 |
||
| 999 |
_c39 _d39 |
||